000 00380nam a2200145 i 4500
001 bg
100 1 _aDRESS, G.
245 0 _aZagospodarowanie placu budowy :
_bprojektowanie, planowanie, przykłady /
_cG. Dress, K.O. Reiff.
260 _aWarszawa,
_c1975.
700 1 _aREIFF, K. O.
040 _cBPK
041 _apol
942 _cKS
008 s pl f |000 0 pol
999 _c4879
_d4879
856 _uhttp://koha.tu.koszalin.pl/cgi-bin/koha/opac-detail.pl?biblionumber=4879
_yKatalog online BPK